Manual de maquinaria de construcción

Saved in:
Bibliografiske detaljer
Hovedforfatter: Díaz del Río, Manuel (Author)
Format: Bog
Sprog:spansk
Udgivet: Madrid McGraw-Hill 2001
Fag:
Tags: Tilføj Tag
Ingen Tags, Vær først til at tagge denne postø!

MARC

LEADER 00000nam a2200000 a 4500
001 UCL0959
003 CL-VaPUC
008 030825e20010000SP |||||||||||||||||spa|d
020 |a 8448130286 
082 0 4 |a 681.76  |b DIA  |2 21 
100 0 |a Díaz del Río, Manuel  |e author  |9 477746 
245 1 0 |a Manual de maquinaria de construcción 
300 |a 749 p 
942 |c BK 
945 |d 20030825 00:00:00  |a cmena 
260 |a Madrid  |b McGraw-Hill  |c 2001 
500 |a Incluye Cd-Rom 
650 7 |a MAQUINARIA DE CONSTRUCCION  |2 CL-VaPUC  |9 364112 
650 0 |a Construcción  |9 260195 
650 0 |a Máquinas herramientas  |9 262583 
650 0 |a Aspectos económicos  |9 255165 
650 7 |a MANTENCION Y REPARACION  |2 CL-VaPUC  |9 477747 
583 |a last modification  |c 20030825 00:00:00  |k Rodrigo Vera 
999 |c 304677  |d 304675 
952 |0 0  |1 0  |4 0  |6 681_760000000000000_DIA_2001  |7 0  |8 A  |9 367318  |a BIBMEC  |b BIBMEC  |d 2019-11-21  |i 3934616  |o 681.76 DIA 2001  |p 3934616  |r 2024-01-19  |w 2019-11-21  |y BK  |k MEC 
952 |0 0  |1 0  |2 ddc  |4 0  |6 681_760000000000000_DIA_2001  |7 0  |8 A  |9 367319  |a BIBING  |b BIBING  |c RES  |d 2019-11-21  |i 3952029  |o 681.76 DIA 2001  |p 3952029  |r 2025-01-20  |w 2019-11-21  |y BK  |k CCL 
952 |0 0  |1 0  |2 ddc  |4 0  |6 681_760000000000000_DIA_2001  |7 0  |8 A  |9 367320  |a BIBING  |b BIBING  |c RES  |d 2019-11-21  |i 3952037  |o 681.76 DIA 2001  |p 3952037  |r 2025-01-20  |w 2019-11-21  |y BK  |k CCL 
952 |0 0  |1 0  |2 ddc  |4 0  |6 681_760000000000000_DIA_2001  |7 0  |8 A  |9 367321  |a BIBING  |b BIBING  |c RES  |d 2019-11-21  |i 3952045  |o 681.76 DIA 2001  |p 3952045  |r 2025-01-20  |w 2019-11-21  |y BK  |k CCL 
952 |0 0  |1 0  |2 ddc  |4 0  |6 681_760000000000000_DIA_2001  |7 0  |8 A  |9 367322  |a BIBING  |b BIBING  |c RES  |d 2019-11-21  |i 3956644  |o 681.76 DIA 2001  |p 3956644  |r 2025-01-20  |w 2019-11-21  |y BK  |k CCL 
952 |0 0  |1 0  |2 ddc  |4 0  |6 681_760000000000000_DIA_2001  |7 0  |8 A  |9 367323  |a BIBING  |b BIBING  |c RES  |d 2019-11-21  |i 4007611  |o 681.76 DIA 2001  |p 4007611  |r 2025-01-20  |w 2019-11-21  |y BK  |k CCL 
952 |0 0  |1 0  |2 ddc  |4 0  |6 681_760000000000000_DIA_2001  |7 0  |8 A  |9 367324  |a BIBING  |b BIBING  |c RES  |d 2019-11-21  |i 4012496  |o 681.76 DIA 2001  |p 4012496  |r 2025-01-20  |w 2019-11-21  |y BK  |k CCL 
952 |0 0  |1 0  |2 ddc  |4 0  |6 681_760000000000000_DIA_2001  |7 0  |8 A  |9 367325  |a BIBING  |b BIBING  |c RES  |d 2019-11-21  |i 401250K  |o 681.76 DIA 2001  |p 401250K  |r 2025-01-20  |w 2019-11-21  |y BK  |k CCL